"Hogy nekünk is tetsszen..."
Elmentve itt :
| Szerző: | |
|---|---|
| Dokumentumtípus: | Cikk |
| Megjelent: |
1980-04-10
|
| Sorozat: | Délmagyarország
70 No. 83 |
| Kulcsszavak: | lakóházépítések, felújítások |
| Online Access: | http://dmarchiv.bibl.u-szeged.hu/102771 |
| LEADER | 00473nab a2200157 i 4500 | ||
|---|---|---|---|
| 001 | delm102771 | ||
| 005 | 20190606131858.0 | ||
| 008 | 190606s1980 hu o 0|| hun d | ||
| 040 | |a SZTE Délmagyarország Archívum |b hun | ||
| 041 | |a hun | ||
| 100 | 1 | |a Gazdagh István | |
| 245 | 1 | 0 | |a "Hogy nekünk is tetsszen..." |h [elektronikus dokumentum] / |c Gazdagh István |
| 260 | |c 1980-04-10 | ||
| 300 | |a 3 | ||
| 490 | 0 | |a Délmagyarország |v 70 No. 83 | |
| 695 | |a lakóházépítések, felújítások | ||